Statistics for Undertale General Knowledge

Click here to take the quiz!

General Stats

  • This quiz has been taken 2,401 times
    (2,099 since last reset)
  • The average score is 14 of 15

Answer Stats

QuestionAnswer% Correct
How many endings are there?3
98%
Who is the first character you meet?Flowey
98%
Who is the final boss in the Neutral endings?Omegaflowey
98%
What is the protagonist's REAL name?Frisk
97%
In what ending do you fight Sans?Genocide
97%
Who created Undertale?Toby Fox
96%
What is the first boss fight?Toriel
96%
What is the boss fight with the theme Spear of Justice?Undyne
96%
What is the name of the first human who fell into the Underworld?Chara
95%
What is Sans' boss fight theme?Megalovania
95%
Finally, who makes spaghetti?Papyrus
92%
In what ending do you fight Memory Head?Pacifist
90%
Who guides you through Hotland?Alphys
88%
What fight is Death by Glamour the theme for?Mettaton EX
73%
Where do you fight Sans?Last Corridor
65%

Score Distribution

Percentile by Number Answered

Percent of People with Each Score

Your Score History

You have not taken this quiz since the last reset